<?xml version="1.0" encoding="UTF-8"?>
<collection xmlns="http://www.loc.gov/MARC21/slim">
 <record>
  <leader>01573nam a2200253 a 4500</leader>
  <controlfield tag="008">091123s2005    bg a     b    001 0 eng d</controlfield>
  <datafield tag="020" ind1=" " ind2=" ">
   <subfield code="c">9840517287</subfield>
  </datafield>
  <datafield tag="040" ind1=" " ind2=" ">
   <subfield code="a">DLC</subfield>
   <subfield code="c">DLC</subfield>
   <subfield code="d">DLC</subfield>
  </datafield>
  <datafield tag="082" ind1="0" ind2="0">
   <subfield code="a">330.9549/205</subfield>
   <subfield code="2">22</subfield>
  </datafield>
  <datafield tag="100" ind1="1" ind2=" ">
   <subfield code="a">Rashid, Haroun.</subfield>
  </datafield>
  <datafield tag="245" ind1="1" ind2="3">
   <subfield code="a">Economic geography of Bangladesh /</subfield>
   <subfield code="c">Haroun er Rashid.</subfield>
  </datafield>
  <datafield tag="250" ind1=" " ind2=" ">
   <subfield code="a">Revised and updated edition.</subfield>
  </datafield>
  <datafield tag="260" ind1=" " ind2=" ">
   <subfield code="a">Dhaka :</subfield>
   <subfield code="b">University Press,</subfield>
   <subfield code="c">2005.</subfield>
  </datafield>
  <datafield tag="300" ind1=" " ind2=" ">
   <subfield code="a">xix, 300 p. :</subfield>
   <subfield code="b">ill., maps ;</subfield>
   <subfield code="c">22 cm.</subfield>
  </datafield>
  <datafield tag="504" ind1=" " ind2=" ">
   <subfield code="a">Includes bibliographical references and index.</subfield>
  </datafield>
  <datafield tag="541" ind1="1" ind2=" ">
   <subfield code="e">00014343</subfield>
  </datafield>
  <datafield tag="651" ind1=" " ind2="0">
   <subfield code="a">Bangladesh</subfield>
   <subfield code="x">Economic conditions.</subfield>
  </datafield>
  <datafield tag="852" ind1="4" ind2=" ">
   <subfield code="a">Ayesha Abed Library</subfield>
   <subfield code="j">General shelf</subfield>
  </datafield>
  <datafield tag="999" ind1=" " ind2=" ">
   <subfield code="c">5821</subfield>
   <subfield code="d">5821</subfield>
  </datafield>
  <datafield tag="952" ind1=" " ind2=" ">
   <subfield code="0">0</subfield>
   <subfield code="1">0</subfield>
   <subfield code="2">ddc</subfield>
   <subfield code="4">0</subfield>
   <subfield code="6">330_954920500000000_RAS_2005</subfield>
   <subfield code="7">0</subfield>
   <subfield code="9">5784</subfield>
   <subfield code="a">BRACUL</subfield>
   <subfield code="b">BRACUL</subfield>
   <subfield code="c">GEN</subfield>
   <subfield code="d">2009-11-23</subfield>
   <subfield code="g">550.00</subfield>
   <subfield code="l">2</subfield>
   <subfield code="o">330.9549205 RAS</subfield>
   <subfield code="p">3010014343</subfield>
   <subfield code="r">2025-09-09</subfield>
   <subfield code="s">2025-06-17</subfield>
   <subfield code="t">1</subfield>
   <subfield code="v">1100.00</subfield>
   <subfield code="w">2009-11-23</subfield>
   <subfield code="y">BK</subfield>
  </datafield>
  <datafield tag="952" ind1=" " ind2=" ">
   <subfield code="0">0</subfield>
   <subfield code="1">0</subfield>
   <subfield code="2">ddc</subfield>
   <subfield code="4">0</subfield>
   <subfield code="6">330_954920500000000_RAS_2005</subfield>
   <subfield code="7">0</subfield>
   <subfield code="9">6356</subfield>
   <subfield code="a">BRACUL</subfield>
   <subfield code="b">BRACUL</subfield>
   <subfield code="c">GEN</subfield>
   <subfield code="d">2009-12-22</subfield>
   <subfield code="g">550.00</subfield>
   <subfield code="l">6</subfield>
   <subfield code="m">50</subfield>
   <subfield code="o">330.9549205 RAS</subfield>
   <subfield code="p">3010014341</subfield>
   <subfield code="r">2018-12-09</subfield>
   <subfield code="s">2018-09-17</subfield>
   <subfield code="t">2</subfield>
   <subfield code="v">1100.00</subfield>
   <subfield code="w">2009-12-22</subfield>
   <subfield code="y">BK</subfield>
  </datafield>
  <datafield tag="952" ind1=" " ind2=" ">
   <subfield code="0">0</subfield>
   <subfield code="1">0</subfield>
   <subfield code="2">ddc</subfield>
   <subfield code="4">0</subfield>
   <subfield code="6">330_954920500000000_RAS_2005</subfield>
   <subfield code="7">0</subfield>
   <subfield code="9">6357</subfield>
   <subfield code="a">BRACUL</subfield>
   <subfield code="b">BRACUL</subfield>
   <subfield code="c">GEN</subfield>
   <subfield code="d">2009-12-22</subfield>
   <subfield code="g">550.00</subfield>
   <subfield code="l">4</subfield>
   <subfield code="m">5</subfield>
   <subfield code="o">330.9549205 RAS</subfield>
   <subfield code="p">3010014344</subfield>
   <subfield code="r">2024-09-26</subfield>
   <subfield code="s">2024-09-08</subfield>
   <subfield code="t">3</subfield>
   <subfield code="v">1100.00</subfield>
   <subfield code="w">2009-12-22</subfield>
   <subfield code="y">BK</subfield>
  </datafield>
  <datafield tag="952" ind1=" " ind2=" ">
   <subfield code="0">0</subfield>
   <subfield code="1">0</subfield>
   <subfield code="2">ddc</subfield>
   <subfield code="4">0</subfield>
   <subfield code="6">330_954920500000000_RAS_2005</subfield>
   <subfield code="7">0</subfield>
   <subfield code="9">7323</subfield>
   <subfield code="a">BRACUL</subfield>
   <subfield code="b">BRACUL</subfield>
   <subfield code="c">GEN</subfield>
   <subfield code="d">2010-01-20</subfield>
   <subfield code="l">3</subfield>
   <subfield code="m">8</subfield>
   <subfield code="o">330.9549205 RAS</subfield>
   <subfield code="p">3010014345</subfield>
   <subfield code="r">2017-05-02</subfield>
   <subfield code="s">2017-01-03</subfield>
   <subfield code="t">4</subfield>
   <subfield code="w">2010-01-20</subfield>
   <subfield code="y">BK</subfield>
  </datafield>
  <datafield tag="952" ind1=" " ind2=" ">
   <subfield code="0">0</subfield>
   <subfield code="1">0</subfield>
   <subfield code="2">ddc</subfield>
   <subfield code="4">0</subfield>
   <subfield code="6">330_954920500000000_RAS</subfield>
   <subfield code="7">0</subfield>
   <subfield code="9">7618</subfield>
   <subfield code="a">BRACUL</subfield>
   <subfield code="b">BRACUL</subfield>
   <subfield code="c">GEN</subfield>
   <subfield code="d">2010-01-31</subfield>
   <subfield code="l">2</subfield>
   <subfield code="m">11</subfield>
   <subfield code="o">330.9549205 RAS</subfield>
   <subfield code="p">3010014342</subfield>
   <subfield code="r">2017-05-07</subfield>
   <subfield code="s">2017-04-19</subfield>
   <subfield code="t">5</subfield>
   <subfield code="w">2010-01-31</subfield>
   <subfield code="y">BK</subfield>
  </datafield>
 </record>
</collection>
